000 00517nam a2200169Ia 4500
008 240729s9999 xx 000 0 und d
022 _a2397-5563
245 0 _aJournal of Portuguese Linguistics
260 _aUnited Kingdom
260 _bOpen Library of Humanities
650 _a Language. Linguistic theory. Comparative grammar
650 _a Philology. Linguistics
650 _aLanguage and Literature
856 _uhttps://doaj.org/toc/01c576110a744c9db5c25fe29363d7bb
942 _2ddc
942 _cDOAJEJ
999 _c75053
_d75053
945 _a1
_bMadushi Gamage
_c1
_dMadushi Gamage